000 00297nam a2200097Ia 4500
082 _a745.92 MILL
245 0 _aSilk flower arranging : easy, elegant displays
100 _a MILLER, Marcianne New York, 2003 1st ed
_996608
942 _cBK
008 210817s9999 xx 000 0 und d
999 _c406552
_d406551